00299nam a2200121Ia 45000030006000000080041000060400015000471000030000622450047000922600009001395460012001480050017001600STCL150530s9999 xx 000 0 und d aSTCLcSTCL aDepartment of Agriculture aPlant diseases the yearbook of agriculture c1974 aEnglish20220125170327.0